00222nam a2200097Ia 4500008004100000100001500041245002900056260002200085300000900107650000800116191201s2019 xx 000 0 und d aGOYAL,Alok 0aEnvironment for Managers aN. DelhibV K Pub aNULL aMBA